Race in the making : cognition, culture, and the child's construction of human kinds

Αποθηκεύτηκε σε:
Λεπτομέρειες βιβλιογραφικής εγγραφής
Κύριος συγγραφέας: Hirschfeld, Lawrence A.
Μορφή: Βιβλίο
Γλώσσα:English
Δημοσίευση: Cambridge : The MIT Press, c1996
Σειρά:Learning, development, and conceptual change
Θέματα:
Ετικέτες: Προσθήκη ετικέτας
Δεν υπάρχουν, Καταχωρήστε ετικέτα πρώτοι!

MARC

LEADER 00000nam a2200000 i 4500
001 1/17606
008 981006s1996 eng d
020 |a 0-262-08247-0 
035 |l 10020621 
040 |a GR-MY-UA  |b gre  |e aacr 
041 0 |a eng 
082 0 |a 155.82 
100 1 |a Hirschfeld, Lawrence A. 
245 1 0 |a Race in the making :  |b cognition, culture, and the child's construction of human kinds /  |c Lawrence A. Hirschfeld 
260 |a Cambridge :   |b The MIT Press,   |c c1996 
300 |a 225 p. 
490 1 |a Learning, development, and conceptual change 
500 |a A Bradford book 
504 |a Includes bibliographical references and index 
650 0 0 |a Cognition and culture. 
650 0 0 |a Racism. 
650 0 0 |a Ethnopsychology. 
650 0 0 |a Cognition in children. 
650 0 0 |a Child psychology. 
650 0 0 |a Prejudices in children. 
830 0 |a Learning, development, and conceptual change 
852 |a INST  |b LESVOS  |e 19981006  |h 155.82 HIR  |p 005100012903  |q 005100012903  |t BK  |y 0 
852 |a INST  |b RHODES  |e 19990503  |h 155.82 HIR  |p 005400011696  |q 005400011696  |t BK  |y 0 
901 |a BIBL-1998-3 
901 |a BIBL-1999-2 
909 |a Λ  |b 059229 
909 |a Ρ  |b 064708 
922 |a 1ΕΛΗ  |b 199809  |c ΚΠΣ/ΤΚΑ  |d ΠΑΠΑΣΩΤΗΡΙΟΥ 
922 |a 4ΕΛΗ  |b 199903 
950 |a 117-1998-07-11